[Event "New York State-ch 134th"]
[Site "Colonie"]
[Date "2012.09.02"]
[Round "3"]
[White "Busygin, Stanislav"]
[Black "Kopec, Danny"]
[Result "0-1"]
[WhiteElo "2080"]
[BlackElo "2340"]
[PlyCount "90"]
[EventDate "2012.08.31"]
[EventType "swiss"]
[EventRounds "6"]
[EventCountry "USA"]
[SourceTitle "CBM 150 Extra"]
[Source "ChessBase"]
[SourceDate "2012.10.19"]
[SourceVersion "1"]
[SourceVersionDate "2012.10.19"]
[SourceQuality "1"]

1. e4 c5 2. Nc3 Nc6 3. g3 g6 4. Bg2 Bg7 5. d3 e6 6. Nge2 Nge7 7. Be3 Nd4 8. Qd2 Qa5 9. 0-0 d6 10. Nc1 Bd7 11. Nb3 Qb6 12. Nd1 a5 13. Nc1 0-0 14. c3 Ndc6 15. Ne2 d5 16. d4 cxd4 17. cxd4 Qd8 18. Bh6 Bxh6 19. Qxh6 Nb4 20. Ndc3 dxe4 21. Nxe4 Nf5 22. Qd2 Bb5 23. N4c3 Ba6 24. Rfd1 Rc8 25. a3 Nc6 26. d5 exd5 27. Bxd5 Re8 28. g4 Nh4 29. Ng3 Qf6 30. Qh6 Ne5 31. Nce4 Nef3+ 32. Kh1 Rxe4 33. Nxe4 Qe5 34. Ng3 Be2 35. Bxf7+ Kh8 36. Rac1 Rb8 37. Rd7 Ng5 38. Bd5 Bb5 39. Qxh4 Bxd7 40. Bg2 Rf8 41. Rf1 Rf4 42. Nf5 Qxf5 43. gxf5 Rxh4 44. fxg6 hxg6 45. Bxb7 Rd4 0-1

[Event "South Carolina op"]
[Site "Greenville"]
[Date "2011.06.26"]
[Round "5"]
[White "Xin, Samuel"]
[Black "Kopec, Danny"]
[Result "0-1"]
[WhiteElo "2063"]
[BlackElo "2360"]
[PlyCount "48"]
[EventDate "2011.06.24"]
[EventType "swiss"]
[EventRounds "5"]
[EventCountry "USA"]
[SourceTitle "EXT 2012"]
[Source "ChessBase"]
[SourceDate "2011.11.24"]
[SourceVersion "1"]
[SourceVersionDate "2011.11.24"]
[SourceQuality "1"]

1. e4 c5 2. Nc3 Nc6 3. Nge2 d6 4. g3 Bg4 5. Bg2 Nd4 6. 0-0 Nf3+ 7. Kh1 h5 8. d3 h4 9. Bxf3 Bxf3+ 10. Kg1 Qd7 11. Qd2 g6 12. Qf4 Bg4 13. e5 Bg7 14. exd6 exd6 15. Qe4+ Kf8 16. Bf4 Nf6 17. Qe3 Nh5 18. Ne4 Nxf4 19. Nxf4 Bd4 20. Qd2 hxg3 21. Nxg3 Kg7 22. c3 Bf6 23. Ne4 Bf3 24. Qe3 Qg4+ 0-1

[Event "Schaumburg GM-B"]
[Site "Schaumburg"]
[Date "2006.04.22"]
[Round "9"]
[White "Kopec, Danny"]
[Black "Gurevich, Dmitry"]
[Result "1-0"]
[WhiteElo "2362"]
[BlackElo "2503"]
[PlyCount "89"]
[EventDate "2006.04.18"]
[EventType "tourn"]
[EventRounds "9"]
[EventCountry "USA"]
[EventCategory "7"]
[SourceTitle "CBM 111 Extra"]
[Source "ChessBase"]
[SourceDate "2006.05.09"]
[SourceVersion "1"]
[SourceVersionDate "2006.05.09"]
[SourceQuality "1"]

1. e4 g6 2. d4 Bg7 3. Nc3 d6 4. f4 Nf6 5. Bc4 Nxe4 6. Bxf7+ Kxf7 7. Nxe4 h6 8. Nf3 c6 9. Qe2 Rf8 10. Be3 Qa5+ 11. c3 Kg8 12. Nh4 Qd5 13. Ng3 Qe6 14. 0-0 Qf6 15. Nf3 Qf7 16. Rae1 b6 17. b3 Ba6 18. c4 b5 19. Rc1 bxc4 20. bxc4 Nd7 21. f5 gxf5 22. Nh4 e6 23. Nh5 Nf6 24. Nxg7 Kxg7 25. Bf4 Ne4 26. Rf3 Qh5 27. Qe1 Kh7 28. Ra3 Bb7 29. Rb1 Rf7 30. Rbb3 c5 31. Rh3 Rg8 32. d5 Rfg7 33. Rag3 Nxg3 34. hxg3 Re7 35. Nf3 Qxh3 36. gxh3 e5 37. Kh2 Ba6 38. Qe2 Rb8 39. Bc1 Rg8 40. Nh4 f4 41. Qe4+ Kh8 42. Ng6+ Rxg6 43. Qxg6 fxg3+ 44. Qxg3 Rg7 45. Qh4 1-0

[Event "BCF-chT 9899 (4NCL)"]
[Site "England"]
[Date "1999.05.02"]
[Round "10.2"]
[White "Beaumont, Chris"]
[Black "Kopec, Danny"]
[Result "1/2-1/2"]
[WhiteElo "2298"]
[BlackElo "2392"]
[PlyCount "146"]
[EventDate "1998.10.??"]
[EventType "team"]
[EventRounds "11"]
[EventCountry "ENG"]
[SourceTitle "EXT 2000"]
[Source "ChessBase"]
[SourceDate "1999.11.16"]
[SourceVersion "1"]
[SourceVersionDate "1999.11.16"]
[SourceQuality "1"]
[WhiteTeam "Bristol"]
[BlackTeam "Barbican"]
[WhiteTeamCountry "ENG"]
[BlackTeamCountry "ENG"]

1. Nf3 f5 2. d4 Nf6 3. g3 e6 4. Bg2 d5 5. 0-0 Bd6 6. c4 c6 7. Nbd2 Nbd7 8. Qc2 0-0 9. Ne1 Ng4 10. Nd3 Qe8 11. Nf3 dxc4 12. Qxc4 Nb6 13. Qb3 Nd5 14. Nf4 b6 15. Re1 Ngf6 16. Nxd5 cxd5 17. Bd2 Ne4 18. Bb4 Bxb4 19. Qxb4 f4 20. Rac1 Ba6 21. Rc7 fxg3 22. fxg3 Rf7 23. Rxf7 Qxf7 24. Qa4 Bc4 25. b3 Bxe2 26. Rxe2 Nc3 27. Qa6 Nxe2+ 28. Qxe2 Qf5 29. h4 h6 30. Qe5 Rc8 31. Qxf5 exf5 32. Ne1 Kf8 33. Bxd5 Rd8 34. Be6 Rxd4 35. Bxf5 Rd2 36. a4 Ke7 37. Kf1 Kd6 38. Bd3 Kc5 39. Bc4 Kb4 40. Nd3+ Kc3 41. Nf4 g5 42. hxg5 hxg5 43. Nh3 Kd4 44. Nxg5 Ke3 45. Nf7 Kf3 46. Ke1 Rh2 47. Ne5+ Kxg3 48. Nc6 Rh7 49. Kd2 Rc7 50. Nd4 Kf2 51. Kc3 Ke3 52. Ne6 Rd7 53. Kb4 Ke4 54. Kb5 Ke5 55. Kc6 Re7 56. Nc7 Rg7 57. Nb5 Rh7 58. Nxa7 Rxa7 59. Kxb6 Rh7 60. Bb5 Kd4 61. Bc4 Rh6+ 62. Kb5 Rh5+ 63. Kb4 Rh8 64. a5 Rb8+ 65. Bb5 Rb7 66. a6 Ra7 67. Ka5 Kc3 68. Bc4 Rh7 69. Ka4 Rh2 70. Kb5 Rh5+ 71. Ka4 Rh2 72. Be6 Re2 73. Bd5 Rd2 1/2-1/2

[Event "Hampstead GM 3rd"]
[Site "Hampstead"]
[Date "1998.08.18"]
[Round "8"]
[White "Kopec, Danny"]
[Black "Sasikiran, Krishnan"]
[Result "0-1"]
[WhiteElo "2400"]
[BlackElo "2470"]
[PlyCount "94"]
[EventDate "1998.08.??"]
[EventType "tourn"]
[EventRounds "15"]
[EventCountry "ENG"]
[EventCategory "7"]
[SourceTitle "EXT 1999"]
[Source "ChessBase"]
[SourceDate "1998.11.16"]
[SourceVersion "1"]
[SourceVersionDate "1998.11.16"]
[SourceQuality "1"]

1. d4 Nf6 2. Nf3 g6 3. g3 Bg7 4. Bg2 0-0 5. 0-0 d5 6. c4 c6 7. Nc3 dxc4 8. Ne5 Be6 9. e4 Nfd7 10. f4 Nxe5 11. dxe5 Qxd1 12. Rxd1 Na6 13. Be3 f6 14. exf6 exf6 15. h3 Rfe8 16. Kh2 Bf8 17. Bd4 f5 18. exf5 gxf5 19. Bf3 Nb4 20. Rd2 Red8 21. Rad1 Bg7 22. g4 Bxd4 23. Rxd4 Nd3 24. Rxd8+ Rxd8 25. Kg3 Rf8 26. Be2 fxg4 27. Bxd3 cxd3 28. hxg4 Rd8 29. f5 Bf7 30. Kf4 c5 31. Ke3 c4 32. Ne4 Kg7 33. g5 Be8 34. Nf6 Bc6 35. Rd2 Bd5 36. Rh2 Bg8 37. Nh5+ Kf7 38. Nf6 b5 39. Kd2 Rd4 40. Ke3 Rd6 41. Nxh7 Rd5 42. g6+ Kg7 43. Rf2 b4 44. Kd2 Ra5 45. a3 bxa3 46. bxa3 Rxa3 47. Rf4 Ra2+ 0-1

[Event "Hampstead GM 3rd"]
[Site "Hampstead"]
[Date "1998.08.16"]
[Round "7"]
[White "Szekely, Peter"]
[Black "Kopec, Danny"]
[Result "1/2-1/2"]
[WhiteElo "2465"]
[BlackElo "2400"]
[PlyCount "36"]
[EventDate "1998.08.??"]
[EventType "tourn"]
[EventRounds "15"]
[EventCountry "ENG"]
[EventCategory "7"]
[SourceTitle "EXT 1999"]
[Source "ChessBase"]
[SourceDate "1998.11.16"]
[SourceVersion "1"]
[SourceVersionDate "1998.11.16"]
[SourceQuality "1"]

1. Nf3 d5 2. c4 e6 3. g3 Nf6 4. Bg2 Bd6 5. 0-0 0-0 6. d4 Nbd7 7. b3 dxc4 8. bxc4 c5 9. Bb2 Nb6 10. dxc5 Bxc5 11. Qc2 Qe7 12. Nbd2 Bd7 13. Rac1 Rac8 14. Ne5 Ba4 15. Qb1 Bb4 16. Ndf3 Rc7 17. Nd3 Ba3 18. c5 Bxb2 1/2-1/2

[Event "Hampstead GM 3rd"]
[Site "Hampstead"]
[Date "1998.08.13"]
[Round "4"]
[White "Kopec, Danny"]
[Black "Houska, Miroslav"]
[Result "1/2-1/2"]
[WhiteElo "2400"]
[BlackElo "2375"]
[PlyCount "56"]
[EventDate "1998.08.??"]
[EventType "tourn"]
[EventRounds "15"]
[EventCountry "ENG"]
[EventCategory "7"]
[SourceTitle "EXT 1999"]
[Source "ChessBase"]
[SourceDate "1998.11.16"]
[SourceVersion "1"]
[SourceVersionDate "1998.11.16"]
[SourceQuality "1"]

1. e4 c5 2. Nf3 Nf6 3. e5 Nd5 4. Nc3 Nb4 5. a3 N4c6 6. Bc4 e6 7. 0-0 d5 8. exd6 Bxd6 9. Ne4 0-0 10. Nxd6 Qxd6 11. b4 e5 12. Re1 Bg4 13. h3 Bh5 14. d3 Nd7 15. Bb2 Rad8 16. bxc5 Qxc5 17. Qe2 b5 18. Bb3 Bxf3 19. Qxf3 Nb6 20. Qe3 Qd6 21. Bxe5 Nxe5 22. Qxe5 Qc6 23. Qg5 Rd6 24. Qf5 a5 25. Re7 Rf6 26. Qe5 a4 27. Rc7 Qe8 28. Re7 Qc6 1/2-1/2

[Event "Hampstead GM 3rd"]
[Site "Hampstead"]
[Date "1998.08.10"]
[Round "14"]
[White "Gormally, Daniel"]
[Black "Kopec, Danny"]
[Result "1/2-1/2"]
[WhiteElo "2400"]
[BlackElo "2400"]
[PlyCount "82"]
[EventDate "1998.08.??"]
[EventType "tourn"]
[EventRounds "15"]
[EventCountry "ENG"]
[EventCategory "7"]
[SourceTitle "EXT 1999"]
[Source "ChessBase"]
[SourceDate "1998.11.16"]
[SourceVersion "1"]
[SourceVersionDate "1998.11.16"]
[SourceQuality "1"]

1. d4 Nf6 2. Nf3 d5 3. c4 Bf5 4. Nc3 e6 5. Bf4 Bd6 6. Bxd6 Qxd6 7. e3 c6 8. Be2 Nbd7 9. 0-0 h6 10. Qb3 Rb8 11. Qa4 dxc4 12. Qxc4 0-0 13. Rad1 Qe7 14. Qb3 b5 15. h3 Rfc8 16. Rd2 b4 17. Na4 c5 18. Nxc5 Nxc5 19. dxc5 Ne4 20. Rd4 Nxc5 21. Qd1 a5 22. Ne5 Rc7 23. Bf3 Rbc8 24. b3 a4 25. bxa4 f6 26. Ng4 e5 27. Rd6 Be6 28. Rb6 e4 29. Be2 Rd8 30. Qc2 h5 31. Nh2 Bf7 32. Bc4 Rdc8 33. Bxf7+ Qxf7 34. a5 Nd7 35. Qxe4 Nxb6 36. axb6 Rc4 37. Qd3 R8c6 38. Qd8+ Kh7 39. Nf3 Rc8 40. Qd6 R8c6 41. Qd8 Qg8 1/2-1/2

[Event "Hampstead GM 3rd"]
[Site "Hampstead"]
[Date "1998.08.10"]
[Round "1"]
[White "Hillarp Persson, Tiger"]
[Black "Kopec, Danny"]
[Result "1-0"]
[WhiteElo "2410"]
[BlackElo "2400"]
[PlyCount "41"]
[EventDate "1998.08.??"]
[EventType "tourn"]
[EventRounds "15"]
[EventCountry "ENG"]
[EventCategory "7"]
[SourceTitle "EXT 1999"]
[Source "ChessBase"]
[SourceDate "1998.11.16"]
[SourceVersion "1"]
[SourceVersionDate "1998.11.16"]
[SourceQuality "1"]

1. d4 d5 2. c4 dxc4 3. e3 Nf6 4. Bxc4 e6 5. Nf3 a6 6. Qe2 b5 7. Bd3 c5 8. dxc5 Bxc5 9. 0-0 Nc6 10. Nbd2 Bb7 11. Rd1 Qb6 12. a3 Ng4 13. Nb3 Bd6 14. g3 Qc7 15. e4 Nf6 16. Be3 Ng4 17. Rac1 h5 18. Bc5 h4 19. Bxd6 Qxd6 20. Bxb5 Qxd1+ 21. Rxd1 1-0

[Event "BCF-chT 9798 (4NCL)"]
[Site "England"]
[Date "1998.05.23"]
[Round "9.4"]
[White "Kopec, Danny"]
[Black "Turner, Matthew"]
[Result "1/2-1/2"]
[WhiteElo "2390"]
[BlackElo "2470"]
[PlyCount "58"]
[EventDate "1997.11.??"]
[EventType "team"]
[EventRounds "11"]
[EventCountry "ENG"]
[SourceTitle "CBM 064 Extra"]
[Source "ChessBase"]
[SourceDate "1998.07.07"]
[SourceVersion "1"]
[SourceVersionDate "1998.07.07"]
[SourceQuality "1"]
[WhiteTeam "Barbican"]
[BlackTeam "Midland Monarchs"]
[WhiteTeamCountry "ENG"]
[BlackTeamCountry "ENG"]

1. e4 c5 2. Nf3 Nc6 3. Bb5 d6 4. 0-0 Bd7 5. c3 Nf6 6. Re1 Ne5 7. Bxd7+ Nfxd7 8. d4 Nxf3+ 9. Qxf3 e6 10. dxc5 Nxc5 11. Na3 Be7 12. Bf4 e5 13. Be3 Ne6 14. Red1 0-0 15. Nc2 Qc8 16. Nb4 Nc7 17. a4 g6 18. Bh6 Rd8 19. Rd3 Qe6 20. Be3 Qc4 21. Nd5 Nxd5 22. Rxd5 b6 23. g3 Rdb8 24. Rb5 Qc6 25. Rd1 a6 26. Rb4 b5 27. Ra1 a5 28. axb5 Rxb5 29. Qe2 axb4 1/2-1/2

[Event "BCF-chT 9798 (4NCL)"]
[Site "England"]
[Date "1997.11.23"]
[Round "4.3"]
[White "Kopec, Danny"]
[Black "McDonald, Neil R"]
[Result "1/2-1/2"]
[WhiteElo "2405"]
[BlackElo "2490"]
[PlyCount "100"]
[EventDate "1997.11.??"]
[EventType "team"]
[EventRounds "11"]
[EventCountry "ENG"]
[SourceTitle "CBM 064 Extra"]
[Source "ChessBase"]
[SourceDate "1998.07.07"]
[SourceVersion "1"]
[SourceVersionDate "1998.07.07"]
[SourceQuality "1"]
[WhiteTeam "Barbican"]
[BlackTeam "Invicta Knights Maidstone"]
[WhiteTeamCountry "ENG"]
[BlackTeamCountry "ENG"]

1. e4 e6 2. d4 d5 3. Nd2 Nf6 4. e5 Nfd7 5. f4 c5 6. c3 Nc6 7. Ndf3 Be7 8. Bd3 cxd4 9. cxd4 f5 10. exf6 Nxf6 11. Ne2 Qa5+ 12. Bd2 Qb6 13. Bc3 0-0 14. 0-0 Bd7 15. Kh1 Bd6 16. Qd2 Nb4 17. Bb1 Ne4 18. Qe3 Bb5 19. a3 Bxe2 20. Qxe2 Qa6 21. Qxa6 Nxa6 22. Bxe4 dxe4 23. Ng5 Nc7 24. g3 e3 25. Rfe1 Nd5 26. Nxe6 Rfe8 27. f5 Rac8 28. Rec1 g6 29. g4 gxf5 30. gxf5 Kf7 31. Be1 Kf6 32. Bh4+ Kxf5 33. Ng7+ Ke4 34. Nxe8 Rxe8 35. Rg1 Rc8 36. Rac1 Rxc1 37. Rxc1 Nf4 38. Rc8 e2 39. Re8+ Kf3 40. Bg3 b5 41. Rd8 Be7 42. Rd7 Bf6 43. Rf7 Nd5 44. Rd7 Ke4 45. Rxa7 Bxd4 46. Rb7 Be5 47. Bh4 Bxb2 48. Rxb5 Bxa3 49. Kg2 Nf4+ 50. Kf2 e1Q+ 1/2-1/2

[Event "London2"]
[Site "London"]
[Date "1997.??.??"]
[Round "3"]
[White "Kopec, Danny"]
[Black "Gullaksen, Eirik Tvedt"]
[Result "1/2-1/2"]
[WhiteElo "2405"]
[BlackElo "2325"]
[PlyCount "59"]
[EventDate "1997.??.??"]
[EventType "tourn"]
[EventRounds "11"]
[EventCountry "ENG"]
[SourceTitle "EXT 1999"]
[Source "ChessBase"]
[SourceDate "1998.11.16"]
[SourceVersion "1"]
[SourceVersionDate "1998.11.16"]
[SourceQuality "1"]

1. d4 Nf6 2. Nf3 g6 3. g3 Bg7 4. Bg2 0-0 5. 0-0 d6 6. c4 Nc6 7. Nc3 e5 8. dxe5 Nxe5 9. Nxe5 dxe5 10. Bg5 Qxd1 11. Rfxd1 c6 12. b3 Re8 13. h3 h6 14. Be3 Bf8 15. Na4 Nh7 16. Bc5 Ng5 17. Bxf8 Kxf8 18. Nc5 Ke7 19. b4 Rb8 20. Kh2 Ne6 21. Nd3 f6 22. e3 Rd8 23. Rab1 Nc7 24. Nc5 Rxd1 25. Rxd1 Ne6 26. Ne4 Ng5 27. Nc5 Ne6 28. Nb3 Bd7 29. Na5 Nd8 30. f4 1/2-1/2

[Event "London2"]
[Site "London"]
[Date "1997.??.??"]
[Round "4"]
[White "Kopec, Danny"]
[Black "Houska, Miroslav"]
[Result "1-0"]
[WhiteElo "2405"]
[BlackElo "2260"]
[PlyCount "123"]
[EventDate "1997.??.??"]
[EventType "tourn"]
[EventRounds "11"]
[EventCountry "ENG"]
[SourceTitle "EXT 1999"]
[Source "ChessBase"]
[SourceDate "1998.11.16"]
[SourceVersion "1"]
[SourceVersionDate "1998.11.16"]
[SourceQuality "1"]

1. d4 d6 2. e4 Nf6 3. Nc3 e5 4. dxe5 dxe5 5. Qxd8+ Kxd8 6. Bg5 c6 7. Bc4 Ke8 8. Nf3 Nbd7 9. a3 Bd6 10. Rd1 Bc7 11. 0-0 Nc5 12. b4 Ne6 13. Be3 b5 14. Bb3 a5 15. h3 Ke7 16. Rfe1 Bd6 17. Rd3 axb4 18. axb4 Bb7 19. Bxe6 fxe6 20. Rb1 Rhd8 21. Bb6 Rd7 22. Nd2 Ke8 23. Ba5 Be7 24. Rxd7 Nxd7 25. Rd1 Rc8 26. Nf3 h6 27. Nd2 Ba6 28. Nb3 c5 29. bxc5 Nxc5 30. Rb1 Na4 31. Na2 Bb7 32. f3 Rxc2 33. Nb4 Rc4 34. Nd3 Bd6 35. Kf1 Bc6 36. Nd2 Rd4 37. Nb4 Bd7 38. Ke1 Nc3 39. Rb3 Na4 40. Nc2 Nc5 41. Nxd4 exd4 42. Rb1 Bg3+ 43. Kd1 Nd3 44. Nb3 e5 45. Bc7 b4 46. Nxd4 Ne1 47. Ne2 Bf2 48. Bb6 Ba4+ 49. Kd2 Nxf3+ 50. gxf3 Bxb6 51. Nc1 Bd8 52. Nd3 Bd7 53. Nxe5 Bxh3 54. Ke2 Bc7 55. Nd3 g5 56. Nxb4 g4 57. Nd5 Be5 58. Rb7 gxf3+ 59. Kxf3 Kf8 60. Nf4 Bc8 61. Ng6+ Kg8 62. Ne7+ 1-0

[Event "London2"]
[Site "London"]
[Date "1997.??.??"]
[Round "5"]
[White "Richardson, John R"]
[Black "Kopec, Danny"]
[Result "1/2-1/2"]
[WhiteElo "2360"]
[BlackElo "2405"]
[PlyCount "46"]
[EventDate "1997.??.??"]
[EventType "tourn"]
[EventRounds "11"]
[EventCountry "ENG"]
[SourceTitle "EXT 1999"]
[Source "ChessBase"]
[SourceDate "1998.11.16"]
[SourceVersion "1"]
[SourceVersionDate "1998.11.16"]
[SourceQuality "1"]

1. d4 Nf6 2. c4 e6 3. Nc3 Bb4 4. g3 c5 5. Nf3 cxd4 6. Nxd4 Nc6 7. Nb3 d5 8. cxd5 Nxd5 9. Bd2 Nxc3 10. Bxc3 Bxc3+ 11. bxc3 Qf6 12. Qc1 b6 13. Bg2 Bb7 14. 0-0 0-0 15. c4 Rac8 16. Qa3 Rc7 17. c5 Qe7 18. Rac1 b5 19. Rfd1 Rfc8 20. Rd6 h6 21. Rcd1 Nd8 22. Bxb7 Nxb7 23. Ra6 Nxc5 1/2-1/2

[Event "New Hampshire op 46th"]
[Site "Salem"]
[Date "1996.??.??"]
[Round "5"]
[White "Vigorito, David"]
[Black "Kopec, Danny"]
[Result "1-0"]
[WhiteElo "2390"]
[BlackElo "2445"]
[PlyCount "61"]
[EventDate "1996.07.??"]
[EventType "swiss"]
[EventRounds "5"]
[EventCountry "USA"]
[SourceTitle "EXT 2005"]
[Source "ChessBase"]
[SourceDate "2004.11.15"]
[SourceVersion "1"]
[SourceVersionDate "2004.11.15"]
[SourceQuality "1"]

1. c4 e5 2. g3 Nc6 3. Bg2 g6 4. Nc3 Bg7 5. Rb1 a5 6. a3 Nge7 7. b4 axb4 8. axb4 d6 9. e3 0-0 10. Nge2 Be6 11. b5 Na5 12. d3 d5 13. cxd5 Nxd5 14. 0-0 Qd7 15. Ne4 Qe7 16. Qc2 b6 17. N2c3 Rfd8 18. Rd1 Nb7 19. Nxd5 Bxd5 20. Bd2 f5 21. Bb4 Qd7 22. Nc3 Bxg2 23. Kxg2 c5 24. bxc6 Qxc6+ 25. e4 Rd7 26. Qb3+ Kh8 27. Nd5 Rad8 28. Rbc1 Qe6 29. Qa4 f4 30. f3 Bf8 31. Rc6 1-0

[Event "Eastern Class-ch 3rd"]
[Site "USA"]
[Date "1994.03.12"]
[Round "3"]
[White "Kopec, Danny"]
[Black "Ivanov, Alexander"]
[Result "1-0"]
[WhiteElo "2478"]
[BlackElo "2550"]
[PlyCount "74"]
[EventDate "1994.03.??"]
[EventType "swiss"]
[EventRounds "5"]
[EventCountry "USA"]
[SourceTitle "EXT 2004"]
[Source "ChessBase"]
[SourceDate "2003.11.25"]
[SourceVersion "1"]
[SourceVersionDate "2003.11.25"]
[SourceQuality "1"]

1. d4 g6 2. e4 Bg7 3. Nc3 c6 4. Bc4 b5 5. Bb3 a5 6. a3 d6 7. Qf3 e6 8. Nge2 Ba6 9. Be3 Nd7 10. Qg3 d5 11. Bg5 Ne7 12. exd5 exd5 13. Bxd5 f6 14. Be6 fxg5 15. Ne4 Nf5 16. Bxf5 gxf5 17. Nd6+ Kf8 18. h4 g4 19. Nxf5 Nf6 20. 0-0 Qd7 21. Qf4 h5 22. Neg3 Nd5 23. Qd2 b4 24. Rfe1 Bf6 25. axb4 axb4 26. Ra5 Bb7 27. Rxa8+ Bxa8 28. c4 bxc3 29. bxc3 Rh7 30. c4 Nc7 31. Rb1 Kf7 32. Rb8 Qe6 33. Rc8 Kg6 34. Qd3 Rd7 35. Ne7+ Kf7 36. Qh7+ Bg7 37. Nef5 Qg6 1-0

[Event "Montreal Pere Noel"]
[Site "Montreal"]
[Date "1993.12.29"]
[Round "4"]
[White "Kopec, Danny"]
[Black "Gravel, Simon M"]
[Result "0-1"]
[WhiteElo "2383"]
[BlackElo "2203"]
[PlyCount "96"]
[EventDate "1993.12.26"]
[EventType "swiss"]
[EventRounds "5"]
[EventCountry "CAN"]
[SourceTitle "EXT 2022"]
[Source "ChessBase"]
[SourceDate "2021.10.06"]
[SourceVersion "1"]
[SourceVersionDate "2021.10.06"]
[SourceQuality "1"]

1. d4 Nf6 2. Nf3 g6 3. g3 Bg7 4. Bg2 0-0 5. 0-0 d5 6. c4 dxc4 7. Nc3 Nbd7 8. h3 c6 9. e4 b5 10. Re1 Nb6 11. Bg5 h6 12. Bf4 Be6 13. Ne5 Rc8 14. Qd2 Nh5 15. Bxh6 Bxh6 16. Qxh6 Qxd4 17. Nxc6 Rxc6 18. e5 Rcc8 19. Rad1 Qc5 20. g4 Ng3 21. a3 a5 22. Be4 Nxe4 23. Rxe4 Rfd8 24. Rde1 Rd4 25. h4 Bxg4 26. Rxd4 Qxd4 27. Re4 Qd7 28. e6 Bxe6 29. h5 Bf5 30. hxg6 fxg6 31. Rh4 Kf7 32. Qe3 Nd5 33. Rh7+ Kf6 34. Qd4+ Ke6 35. Nxd5 Qxd5 36. Rxe7+ Kd6 37. Qf6+ Be6 38. Ra7 Qd1+ 39. Kg2 Qg4+ 40. Kf1 Qd1+ 41. Kg2 Qd5+ 42. Kg1 Kc5 43. Qc3 Qd1+ 44. Kh2 Qh5+ 45. Kg1 Qg4+ 46. Kh2 Qf4+ 47. Kg1 Rd8 48. Qe1 Qg4+ 0-1

[Event "Montreal Pere Noel"]
[Site "Montreal"]
[Date "1993.12.27"]
[Round "2"]
[White "Kopec, Danny"]
[Black "Arsenault, Nicolas"]
[Result "1-0"]
[WhiteElo "2383"]
[BlackElo "2044"]
[PlyCount "51"]
[EventDate "1993.12.26"]
[EventType "swiss"]
[EventRounds "5"]
[EventCountry "CAN"]
[SourceTitle "EXT 2022"]
[Source "ChessBase"]
[SourceDate "2021.10.06"]
[SourceVersion "1"]
[SourceVersionDate "2021.10.06"]
[SourceQuality "1"]

1. e4 e6 2. d4 d5 3. Nd2 Nf6 4. e5 Nfd7 5. Bd3 c5 6. c3 Nc6 7. Ne2 cxd4 8. cxd4 f6 9. exf6 Nxf6 10. 0-0 Bd6 11. Nf3 0-0 12. Re1 Qc7 13. Nc3 a6 14. h3 Bd7 15. Bg5 b5 16. Rc1 h6 17. Be3 Qd8 18. Nh4 b4 19. Na4 e5 20. dxe5 Nxe5 21. Nb6 Rb8 22. Nxd7 Qxd7 23. Bf5 Qb7 24. Be6+ Nf7 25. Bd4 Rfe8 26. Bxf6 1-0

[Event "Montreal Pere Noel"]
[Site "Montreal"]
[Date "1993.12.26"]
[Round "1"]
[White "Lacroix, Serge"]
[Black "Kopec, Danny"]
[Result "0-1"]
[WhiteElo "1929"]
[BlackElo "2383"]
[PlyCount "74"]
[EventDate "1993.12.26"]
[EventType "swiss"]
[EventRounds "5"]
[EventCountry "CAN"]
[SourceTitle "EXT 2022"]
[Source "ChessBase"]
[SourceDate "2021.10.06"]
[SourceVersion "1"]
[SourceVersionDate "2021.10.06"]
[SourceQuality "1"]

1. e4 c5 2. Nf3 Nc6 3. d4 cxd4 4. Nxd4 e5 5. Nb5 a6 6. Nd6+ Bxd6 7. Qxd6 Qf6 8. Qxf6 Nxf6 9. Nc3 d5 10. Nxd5 Nxd5 11. exd5 Nb4 12. Bd3 Nxd3+ 13. cxd3 Bf5 14. f4 0-0-0 15. fxe5 Bxd3 16. Bf4 Rxd5 17. Rc1+ Kd7 18. Kf2 Rd8 19. Rhd1 Ke6 20. Rc7 Be4 21. Rdc1 Rb5 22. b3 h6 23. h4 Ra5 24. a4 Bc6 25. Rc3 Rd4 26. g3 Rad5 27. Ke2 Re4+ 28. Kf3 Re1 29. R3xc6+ bxc6 30. Rxc6+ Ke7 31. Rxa6 Rd3+ 32. Kg4 Rb1 33. Ra7+ Rd7 34. Ra8 Rxb3 35. Rg8 Rb6 36. Rxg7 Kf8 37. Rh7 f5+ 0-1

[Event "Canadian op"]
[Site "Edmunston"]
[Date "1990.07.05"]
[Round "7"]
[White "Kopec, Danny"]
[Black "Timoshenko, Georgy"]
[Result "1/2-1/2"]
[WhiteElo "2468"]
[BlackElo "2543"]
[PlyCount "81"]
[EventDate "1990.06.29"]
[EventType "swiss"]
[EventRounds "10"]
[EventCountry "CAN"]
[SourceTitle "EXT 2022"]
[Source "ChessBase"]
[SourceDate "2021.10.06"]
[SourceVersion "1"]
[SourceVersionDate "2021.10.06"]
[SourceQuality "1"]

1. e4 c5 2. Nf3 e6 3. Nc3 Nc6 4. b3 Nf6 5. Bb5 e5 6. Bxc6 dxc6 7. Nxe5 Nxe4 8. Nxe4 Qd4 9. 0-0 Qxe5 10. Ba3 Be6 11. Re1 Qf5 12. d4 0-0-0 13. Bxc5 h5 14. Bxf8 Rhxf8 15. c4 h4 16. h3 Qg6 17. Kh1 Bf5 18. Qd3 Rd7 19. Rad1 Rfd8 20. f3 Rxd4 21. Qxd4 Rxd4 22. Rxd4 Kc7 23. Nd6 Be6 24. Ne8+ Kb6 25. b4 a6 26. c5+ Ka7 27. Nd6 Qf6 28. Ree4 g5 29. a4 g4 30. hxg4 h3 31. Kh2 hxg2 32. Kxg2 Bd5 33. Rxd5 cxd5 34. Nc8+ Kb8 35. Re8 b5 36. axb5 axb5 37. Nb6+ Kb7 38. Rb8+ Ka7 39. Ra8+ Kb7 40. Rb8+ Ka7 41. Ra8+ 1/2-1/2